000
00319nam a22001457a 4500
020
_a
0-553-40768-6
082
_a
823
_b
BRY/S
100
_a
BRYANT, BONNIIE
245
_a
THE SADDLE CLUB
260
_a
USA
_b
BANTAM SKYLARK
_c
1995
300
_a
131
520
_a
CHILDRENS NOVEL
650
_a
CHILDRENS NOVEL
942
_c
BK
999
_c
5727
_d
5727